Suka cakap bohong

Bibliographic Details
Main Author: Ws.Uzala
Format: Book
Published: Petaling Jaya : Eddiplex , 1993
Series:Siri bacaan dari pedalaman
Subjects:

MARC

LEADER 00000cam a2200000 7i4500
001 0000003648
002 000003930
005 20080121.0
020 |a 9838800554 
090 0 0 |a JF   |b Wsu 
100 0 |a Ws.Uzala 
245 1 0 |a Suka cakap bohong   |c Ws.Uzala 
260 |a Petaling Jaya :   |b Eddiplex ,   |c 1993 
300 |a 60p. ;   |c 19cm. 
490 0 |a Siri bacaan dari pedalaman 
650 0 0 |a Malay fiction 
999 |a 032043   |b BUKU   |c JUNIOR FICTION   |e PERPUSTAKAAN KOMUNITI PETALING JAYA 
999 |a 032044   |b BUKU   |c JUNIOR FICTION   |e PERPUSTAKAAN KOMUNITI PETALING JAYA